书目信息 |
| 题名: |
现代超视图形创意图典
|
|
| 作者: | 夫龙 , 王安江 主编 ;谢琛副 主编 | |
| 分册: | ||
| 出版信息: | 郑州 河南美术出版社 1995 |
|
| 页数: | 445页 | |
| 开本: | 24cm | |
| 丛书名: | 现代设计家丛书 | |
| 单 册: | ||
| 中图分类: | J11 | |
| 科图分类: | ||
| 主题词: | 标志--世界--图集 , 美术--世界 , 艺术--世界 | |
| 电子资源: | ||
| ISBN: | 7-5401-0443-0 | |
| 000 | 00904nam2 2200301 45 | |
| 001 | 0196026414 | |
| 005 | 20061119083956.04 | |
| 010 | @a7-5401-0443-0@dCNY38.50 | |
| 100 | @a19960722d1995 em y0chiy0121 ea | |
| 101 | 0 | @achi |
| 102 | @aCN@b410000 | |
| 105 | @aa z 000yy | |
| 200 | 10 | @a现代超视图形创意图典@Axian dai chao shi tu xing chuang yi tu dian@f夫 龙,王安江主编@FFU LONG , WANG AN JIANG ZHU BIAN@g谢琛副主编@Gxie chen fu zhu bian |
| 210 | @a郑州@c河南美术出版社@d1995 | |
| 215 | @a445页@d24cm | |
| 225 | 2 | @a现代设计家丛书 |
| 300 | @a版权页装错 | |
| 410 | 0 | @120010@a现代设计家丛书 |
| 540 | 1 | @a标识@ABIAO SHI |
| 606 | @a标志@y世界@x图集 | |
| 606 | 0 | @a美术@x世界 |
| 606 | 0 | @a艺术@x世界 |
| 690 | @aJ11 | |
| 701 | 0 | @a夫龙@AFU LONG@4主编 |
| 701 | 0 | @a王安江@AWANG AN JIANG@4主编 |
| 702 | 0 | @a谢琛副@Axie chen fu@4主编 |
| 801 | 0 | @aCN@bNLC@c20061119 |
| 905 | @dJ11@e28:4 | |
| 现代超视图形创意图典/夫 龙,王安江主编/谢琛副主编.-郑州:河南美术出版社,1995 |
| 445页;24cm.-(现代设计家丛书) |
| 版权页装错 |
| ISBN 7-5401-0443-0:CNY38.50 |
| ● |
| 相关链接 |
|
|
|
|
正题名:现代超视图形创意图典
索取号:J11/28:4
 
预约/预借
| 序号 | 登录号 | 条形码 | 馆藏地/架位号 | 状态 | 备注 |
| 1 | 0273434 | 001215116 | 第一样本阅览室/ [索取号:J11/28:4] | 在馆 |